| 000 | 01429nam a22002897a 4500 | ||
|---|---|---|---|
| 001 | 5368 | ||
| 003 | FISKH | ||
| 005 | 20241128142544.0 | ||
| 008 | 241128b cb ||||| |||| 00| 0 eng d | ||
| 020 | _a9780545656283 | ||
| 040 |
_aFISKH _beng _cFISKH _dFISKH |
||
| 050 | _aPN6727.F483 | ||
| 082 | _a741.5973 | ||
| 100 | _aFies, Brian | ||
| 245 |
_aWhatever Happened to the World of Tomorrow? / _cA graphic novel by Brian Fies, Author of Mom's Cancer |
||
| 260 |
_aNew York : _bScholastic ; _c2009. |
||
| 300 |
_a201 pages : _bcolor illustrations ; _c26 cm . |
||
| 505 | _aU | ||
| 520 | _a"Whatever happened to the World of Tomorrow? , the long-awaited follow-up to Mom's Cancer, tells the story of a boy's relationship with his father. Spanning the period from the 1939 World's Fair to the last Apollo space mission in 1975, it depicts an optimistic and ambitious era fueled by industry, engines, electricity, rockets, middle-class pop culture, and the atom bomb...A lively trip through a half century of technological evolution, Whatever Happened to the World of Tomorrow? is also a perceptive look at the changing moods of our nation - and the enduring promise of the future." - from back cover. | ||
| 521 | 8 |
_a830
_bLexile GN |
|
| 521 | 8 |
_aU
_bRaz-Plus |
|
| 650 |
_acomics _vFiction |
||
| 650 |
_aspace program _vFiction |
||
| 700 |
_aEgan, Neil _edesigner |
||
| 942 |
_2ddc _cBK _n0 |
||
| 999 |
_c5368 _d5368 |
||